Loading...
| Literature - British Literature | 0 | 5 | 0 | 0 | 50 | 25 | 82.40 | 1 | 4 |
| Mythology | 0 | 5 | 0 | 0 | 50 | 26 | 65.20 | 1 | 5 |
| Religion | 0 | 5 | 2 | 2 | 40 | 57 | 101.20 | 1 | 2 |
| History - American History | 0 | 3 | 0 | 1 | 30 | 61 | 87.67 | 0 | 2 |
| Science - Biology | 0 | 3 | 1 | 1 | 25 | 48 | 96.67 | 1 | 2 |
| Literature - American Literature | 0 | 2 | 0 | 0 | 20 | 81 | 92.50 | 0 | 0 |
| Literature - European Literature | 0 | 2 | 0 | 0 | 20 | 95 | 99.00 | 0 | 0 |
| Literature - World Literature | 0 | 2 | 0 | 0 | 20 | 73 | 92.00 | 0 | 1 |
| Pop Culture | 0 | 2 | 0 | 1 | 20 | 85 | 110.50 | 0 | 0 |
| Social Science | 0 | 1 | 0 | 0 | 10 | 82 | 82.00 | 0 | 0 |
| History - World History | 0 | 1 | 0 | 0 | 10 | 57 | 57.00 | 0 | 1 |
| Other Academic | 0 | 1 | 0 | 0 | 10 | 121 | 121.00 | 0 | 0 |
| Science - Physics | 0 | 1 | 0 | 0 | 10 | 91 | 91.00 | 0 | 1 |
| Fine Arts - Other Fine Arts | 0 | 1 | 0 | 1 | 10 | 130 | 130.00 | 0 | 0 |
| Philosophy | 0 | 0 | 1 | 0 | -5 | 0.00 | 0 | 0 | |
| Fine Arts - Painting and Sculpture | 0 | 0 | 1 | 0 | -5 | 0.00 | 0 | 0 |